000 00656cam a2200181 4500500
005 20260405000747.0
041 _afre
042 _adc
100 1 0 _aEltchaninoff, Michel
_eauthor
245 0 0 _aFrédéric Worms : « Une nouvelle exigence de création apparaît dans la philosophie française »
260 _c2009.
500 _a64
690 _aEsprit français
690 _aFrédéric Worms
690 _aLa philosophie en France au XXe siècle
786 0 _nPhilosophie magazine | 30 | 6 | 2009-06-01 | p. 4-4 | 1951-1787
856 4 1 _uhttps://shs.cairn.info/magazine-philosophie-magazine-2009-6-page-4?lang=fr&redirect-ssocas=7080
999 _c2040566
_d2040566